Identifikácia a analýza potrieb vzdelávania zamestnancov v podnikateľských subjektoch : Bakalárska práca

Saved in:
Bibliographic Details
Main Author: Žilková, Gabriela (Author)
Other Authors: Vragaš, Stanislav, 1965- (xxx)
Format: Manuscript Book
Language:Slovak
Published: Trnava : STU v Bratislave MtF KPIM, 2006
Subjects:
Tags: Add Tag
No Tags, Be the first to tag this record!

MARC

LEADER 00000ntm a22000003a 4500
001 stu129275
005 20160719155627.9
008 061107s2006----xo------------------slo-d
040 |a STU  |b slo 
041 0 |a slo 
044 |a xo 
100 1 |a Žilková, Gabriela  |4 aut 
245 1 |a Identifikácia a analýza potrieb vzdelávania zamestnancov v podnikateľských subjektoch :  |b Bakalárska práca 
260 |a Trnava :  |b STU v Bratislave MtF KPIM,  |c 2006 
300 |a 46 s  |c príl., 1 CD-ROM 
650 7 |a priemyselné inžinierstvo a manažment  |2 stusub 
650 7 |a vzdelávanie zamestnancov  |2 stusub 
700 1 |a Vragaš, Stanislav,  |d 1965-  |4 xxx  |u M1000  |U MTF Materiálovotechnologická fakulta  |T MTF Ústav materiálov  |X 2802  |U M1000  |Y 81  |7 A000002802 
996 |b 284M074702  |c M*BP-1976  |l MMSKP  |s P  |a 0  |w stu129275_0001